000 00485nam a22001577a 4500
020 _a981253024X
040 _cNust
082 _a519.536
_bMON
100 _aDouglas C. Montgomery
_9124972
110 _aElizabeth A. Peck, G. Geoffrey Vining
_9124973
245 _aIntroductions to linear regression analysis
250 _a3rd Edition
260 _aSingapore:
_bJohn Wiley and sons Inc,
_c2001.
650 _aIntroductions to linear regression analysis
_9124974
942 _2ddc
_cBK
999 _c610735
_d610735